000 00924nam a2200289Ia 4500
003 OSt
005 20221007122554.0
006 a|||||r|||| 00| 0
007 ta
008 221006b |||||||| |||| 00| 0 eng d
020 _a9789814282178 (pbk)
024 _a111498
037 _b3107, 31/08/2010, New India Book Agency
_cTextbook
040 _aPAPL
_cPAPL
_beng
041 _2eng
_aeng
082 _aC:(B), P9.1 P9.2 Carpa
100 _aSteeb Willi-Hans
245 0 _aProblems and solutions in theoretical and mathematical physics
250 _a3
260 _aNew
_bJersey World Scientific
_c2009
490 _vV.1.
500 _aBibliography 407-410p.; Index 411-415p.
650 _a Mathematical physics
_9463933
650 _aPhysics
942 _hC:(B), P9.1 P9.2 Carpa
_cTB
_2CC
999 _c1210598
_d1210598